000 00577nam a2200241Ia 4500
003 OSt
005 20220918203313.0
006 a|||||r|||| 00| 0
007 ta
008 220917b |||||||| |||| 00| 0 eng d
024 _a107,398
037 _cTextual
040 _aARTS
_cARTS
_beng
041 _2eng
_aeng
082 _aV3:2:N5, J01
100 _aSmellie K B
245 0 _aHundred years of English government
250 _a2nd
260 _c1950
650 _aHISTORY
942 _hV3:2:N5, J01
_cTEXL
_2CC
999 _c230756
_d230756